<?xml version="1.0" encoding="UTF-8"?>
<record
    xmlns:xsi="http://www.w3.org/2001/XMLSchema-instance"
    xsi:schemaLocation="http://www.loc.gov/MARC21/slim http://www.loc.gov/standards/marcxml/schema/MARC21slim.xsd"
    xmlns="http://www.loc.gov/MARC21/slim">

  <leader>00648nam a2200205Ia 4500</leader>
  <controlfield tag="001">2436</controlfield>
  <controlfield tag="008">140314s9999    xx            000 0 und d</controlfield>
  <datafield tag="020" ind1=" " ind2=" ">
    <subfield code="a">0812043995</subfield>
  </datafield>
  <datafield tag="040" ind1=" " ind2=" ">
    <subfield code="c">PK-LaUMT</subfield>
  </datafield>
  <datafield tag="082" ind1=" " ind2=" ">
    <subfield code="a"> 378.1662</subfield>
    <subfield code="b">BRO-H</subfield>
  </datafield>
  <datafield tag="100" ind1=" " ind2=" ">
    <subfield code="a">Brownstein, Samuel C.</subfield>
  </datafield>
  <datafield tag="245" ind1=" " ind2=" ">
    <subfield code="a">How to prepare for the graduate record examination (GRE) : G</subfield>
    <subfield code="c">Brownstein, Samuel C.&lt;&gt;Weiner, Mitchel, Jt. Auth.; (Green, Sharon Weiner)</subfield>
  </datafield>
  <datafield tag="250" ind1=" " ind2=" ">
    <subfield code="a">9th</subfield>
  </datafield>
  <datafield tag="260" ind1=" " ind2=" ">
    <subfield code="a">New York,USA:</subfield>
    <subfield code="b">Barrons,</subfield>
    <subfield code="c">1993</subfield>
  </datafield>
  <datafield tag="300" ind1=" " ind2=" ">
    <subfield code="a">659 p.</subfield>
  </datafield>
  <datafield tag="546" ind1=" " ind2=" ">
    <subfield code="a">EN</subfield>
  </datafield>
  <datafield tag="650" ind1=" " ind2=" ">
    <subfield code="a">Graduate record examination-study guide</subfield>
  </datafield>
  <datafield tag="700" ind1=" " ind2=" ">
    <subfield code="a">Weiner, Mitchel, Jt. Auth.; (Green, Sharon Weiner)</subfield>
  </datafield>
  <datafield tag="942" ind1=" " ind2=" ">
    <subfield code="c">BK</subfield>
  </datafield>
  <datafield tag="999" ind1=" " ind2=" ">
    <subfield code="c">2746</subfield>
    <subfield code="d">2746</subfield>
  </datafield>
  <datafield tag="952" ind1=" " ind2=" ">
    <subfield code="0">0</subfield>
    <subfield code="1">0</subfield>
    <subfield code="4">0</subfield>
    <subfield code="7">0</subfield>
    <subfield code="a">01</subfield>
    <subfield code="b">01</subfield>
    <subfield code="d">2014-03-14</subfield>
    <subfield code="l">1</subfield>
    <subfield code="o"> 378.1662 BRO-H</subfield>
    <subfield code="p">695</subfield>
    <subfield code="q">2020-04-15</subfield>
    <subfield code="r">2019-12-17 00:00:00</subfield>
    <subfield code="s">2019-12-17</subfield>
    <subfield code="w">2014-03-14</subfield>
    <subfield code="y">BK</subfield>
  </datafield>
</record>
